| 000 | 01006nam a22001817a 4500 | ||
|---|---|---|---|
| 999 |
_c63895 _d63895 |
||
| 003 | Ge_BSU | ||
| 005 | 20260216102514.0 | ||
| 008 | 260216s1991 ge ||||| |||| 00| 0 geo d | ||
| 041 | _ageo | ||
| 080 | _a339.13(479.22) პ-18 | ||
| 100 |
_aპაპავა, გიორგი _915649 |
||
| 245 |
_aსაბაზრო ეკონომიკაზე საქართველოს გადასვლის საფუძვლები / _cგიორგი პაპავა; საქართ. მეცნიერებათა აკადემია; ეკონომიკის ინ-ტი; ბიზნესის და მარკეტინგის უმაღლ. სკოლა. |
||
| 264 |
_aთბილისი : _bენა, _c1991. |
||
| 300 |
_a128 გვ. ; _b20 სმ. |
||
| 653 | _aსაბაზრო ეკონომიკა საქართველოში. | ||
| 653 | _aმარკეტინგი. | ||
| 942 |
_2udc _cᲬᲘᲒᲜᲘ |
||